La posmodernidad: explicada a los niños

Furkejuvvon:
Bibliográfalaš dieđut
Váldodahkki: Lyotard, Jean-François (autor)
Materiálatiipa: Girji
Almmustuhtton: Barcelona, España: Gedisa, 2008.
Preanttus:1a. ed., 9a. reimp
Ráidu:Colección Filosofía.
Fáttát:
Fáddágilkorat: Lasit fáddágilkoriid
Eai fáddágilkorat, Lasit vuosttaš fáddágilkora!

MARC

LEADER 00000nam a22000007a 4500
003 CL-VaPUC
005 20250321101930.0
008 250122t2008 ||||| |||| 00| 0 spa d
999 |c 446739  |d 446737 
020 |a 978-84-7432-266-8 
040 |c Pontificia Universidad Católica de Valparaíso 
082 0 4 |a 121.3 LOY 2008  |2 21 
100 |a Lyotard, Jean-François  |e autor  |9 452660 
245 1 3 |a La posmodernidad: explicada a los niños 
250 |a  1a. ed., 9a. reimp 
260 |a Barcelona, España:  |b Gedisa,  |c 2008. 
300 |a 123 páginas. 
490 0 |a Colección Filosofía. 
500 |a c.1. Instituto Arcos 8-1-2025. 
583 |a last modification  |c 20000303 00:00:00  |k GC 
650 0 |a Filosofía moderna  |9 258121 
650 0 |a Posmodernismo   |9 330532 
942 |c BK  |2 ddc  |n 0 
952 |0 0  |1 0  |2 ddc  |4 0  |6 121_300000000000000_LOY_2012  |7 0  |8 A  |9 599750  |a BIBINC  |b BIBINC  |d 2025-01-22  |e Instituto Arcos   |i 5664673  |o 121.3 LOY 2012  |p 5664673  |r 2025-01-22  |t 1  |w 2025-01-22  |y BK  |k IFP 
952 |0 0  |1 0  |2 ddc  |4 0  |6 121_300000000000000_LOY_2012  |7 0  |8 A  |9 599751  |a BIBINC  |b BIBINC  |d 2025-01-22  |e Instituto Arcos   |i 5664674  |o 121.3 LOY 2012  |p 5664674  |r 2025-01-22  |t 2  |w 2025-01-22  |y BK  |k IFP